সমাজদর্শন : (Record no. 38280)
[ view plain ]
| 000 -LEADER | |
|---|---|
| fixed length control field | 01135nam a2200253 a 4500 |
| 001 - CONTROL NUMBER | |
| control field | 38280 |
| 003 - CONTROL NUMBER IDENTIFIER | |
| rucl marc code | BD-RjUL |
| 005 - DATE AND TIME OF LATEST TRANSACTION | |
| control field | 20211209052749.0 |
| 008 - FIXED-LENGTH DATA ELEMENTS--GENERAL INFORMATION | |
| fixed length control field | 151028s1986 ii ||||| |||| 00| 0 ben d |
| 035 ## - SYSTEM CONTROL NUMBER | |
| System control number | (BD-RjUL)38385 |
| 040 ## - CATALOGING SOURCE | |
| Original cataloging agency | BD-RjUL |
| Language of cataloging | eng |
| Transcribing agency | BD-RjUL |
| 041 ## - LANGUAGE CODE | |
| Language code of text/sound track or separate title | eng |
| 082 ## - DEWEY DECIMAL CLASSIFICATION NUMBER | |
| Edition number | 23 |
| Classification number | 300.1 |
| Author mark and year | SES 1986 |
| 100 ## - MAIN ENTRY--PERSONAL NAME | |
| Personal name | সেনগুপ্ত, প্রমোদবন্ধু |
| 9 (RLIN) | 117506 |
| 245 ## - TITLE STATEMENT | |
| Title | সমাজদর্শন : |
| Remainder of title | (Social Philosophy) / |
| Statement of responsibility, etc. | শ্রীপ্রমোদবন্ধু সেনগুপ্ত ও শ্রীমতিলাল মুখোপাধ্যায় |
| 250 ## - EDITION STATEMENT | |
| Edition statement | ১২তম সং. |
| 260 ## - PUBLICATION, DISTRIBUTION, ETC. (IMPRINT) | |
| Place of publication, distribution, etc. | কলিকাতা : |
| Name of publisher, distributor, etc. | ব্যানার্জী পাবলিশার্স, |
| Date of publication, distribution, etc. | ১৯৮৬ |
| 300 ## - PHYSICAL DESCRIPTION | |
| Pagination | xii, ৪৮০ পৃ. ; |
| Size | ২২ সেমি. |
| 500 ## - GENERAL NOTE | |
| General note | প্রশ্নমালা সংযুক্ত । |
| 650 ## - SUBJECT ADDED ENTRY--TOPICAL TERM | |
| Topical term or geographic name as entry element | সামাজিক বিজ্ঞান |
| General subdivision | দর্শন |
| 9 (RLIN) | 118339 |
| Topical term or geographic name as entry element | Social sciences |
| General subdivision | Philosophy. |
| 9 (RLIN) | 117615 |
| 700 ## - ADDED ENTRY--PERSONAL NAME | |
| Personal name | মুখোপাধ্যায়, মতিলাল |
| 942 ## - ADDED ENTRY ELEMENTS (KOHA) | |
| Source of classification or shelving scheme | Dewey Decimal Classification |
| Koha item type | Books |
| Lost status | Source of classification or shelving scheme | Damaged status | Not for loan | Collection code | Permanent Location | Current Location | Shelving location | Date acquired | Source of acquisition | Cost, normal purchase price | Total Checkouts | Full call number | Date last seen | Date checked out | Copy number | Koha item type |
|---|---|---|---|---|---|---|---|---|---|---|---|---|---|---|---|---|
| Dewey Decimal Classification | Non-fiction | Central Library, University of Rajshahi | Central Library, University of Rajshahi | 22/12/1997 | আলীগড় লাইব্রেরী, রাজশাহী | 45.00 | 1 | B 300.1 SES 1986 | 15/03/2016 | 15/03/2016 | C-2 | Books | ||||
| Dewey Decimal Classification | Non-fiction | Central Library, University of Rajshahi | Central Library, University of Rajshahi | 22/12/1997 | আলীগড় লাইব্রেরী, রাজশাহী | 45.00 | 3 | B 300.1 SES 1986 | 07/03/2016 | 27/01/2016 | C-3 | Books |